[Event "CZE-chT1E 2425"]
[Site "Czech Republic"]
[Date "2025.02.02"]
[Round "7.1"]
[White "Zwardon, Vojtech"]
[Black "Biolek, Richard Jr"]
[Result "1/2-1/2"]
[WhiteElo "2442"]
[BlackElo "2417"]
[PlyCount "53"]
[EventDate "2024.10.20"]
[EventType "team-tourn"]
[EventRounds "11"]
[EventCountry "CZE"]
[SourceTitle "CB16_2025"]
[SourceDate "2025.04.16"]
[SourceVersion "1"]
[SourceVersionDate "2025.04.16"]
[SourceQuality "1"]
[WhiteTeam "Jundrov Jezdci"]
[BlackTeam "Grygov Proclient"]
[WhiteTeamCountry "CZE"]
[BlackTeamCountry "CZE"]

1. c4 c5 2. g3 g6 3. Bg2 Bg7 4. Nc3 Nc6 5. Nf3 e5 6. 0-0 Nge7 7. Ne1 d6 8. Nc2 0-0 9. Rb1 Be6 10. Ne3 Rb8 11. d3 a6 12. Ned5 b5 13. f4 b4 14. Nxe7+ Nxe7 15. Ne4 f5 16. Ng5 Bd7 17. Nf3 Nc6 18. fxe5 Nxe5 19. Nxe5 dxe5 20. Bd5+ Kh8 21. Be3 Qe7 22. Qd2 a5 23. Bg5 Bf6 24. Bh6 Bg7 25. Bg5 Bf6 26. Bh6 Bg7 27. Bg5 1/2-1/2

[Event "CZE-chT 2425"]
[Site "Czech Republic"]
[Date "2024.11.03"]
[Round "2.6"]
[White "Jurcik, Marian"]
[Black "Biolek, Richard Jr"]
[Result "1/2-1/2"]
[WhiteElo "2408"]
[BlackElo "2414"]
[PlyCount "37"]
[EventDate "2024.11.01"]
[EventType "team-tourn"]
[EventRounds "11"]
[EventCountry "CZE"]
[SourceTitle "CB45_2024"]
[Source "ChessBase"]
[SourceDate "2024.11.06"]
[SourceVersion "1"]
[SourceVersionDate "2024.11.06"]
[SourceQuality "1"]
[WhiteTeam "Unichess"]
[BlackTeam "Poruba Slavoj"]
[WhiteTeamCountry "CZE"]
[BlackTeamCountry "CZE"]

1. d4 d5 2. c4 Nc6 3. Nc3 Nf6 4. e3 dxc4 5. Bxc4 e5 6. Nf3 exd4 7. exd4 Bd6 8. Qe2+ Qe7 9. Qxe7+ Nxe7 10. Bg5 Bf5 11. 0-0 Ne4 12. Bxe7 Bxe7 13. Rfe1 Nxc3 14. bxc3 f6 15. Nh4 Bd7 16. Re3 Kd8 17. Be6 g6 18. Rae1 Bd6 19. Nf3 1/2-1/2

[Event "CZE-chT1E 2324"]
[Site "Czech Republic"]
[Date "2024.02.04"]
[Round "7.1"]
[White "Vrana, Jan"]
[Black "Biolek, Richard Jr"]
[Result "1/2-1/2"]
[WhiteElo "2366"]
[BlackElo "2409"]
[PlyCount "53"]
[EventDate "2023.10.22"]
[EventType "team-tourn"]
[EventRounds "11"]
[EventCountry "CZE"]
[SourceTitle "EXT 2025"]
[Source "ChessBase"]
[SourceDate "2024.10.14"]
[SourceVersion "1"]
[SourceVersionDate "2024.10.14"]
[SourceQuality "1"]
[WhiteTeam "Polabiny III"]
[BlackTeam "Grygov Proclient"]
[WhiteTeamCountry "CZE"]
[BlackTeamCountry "CZE"]

1. e4 e5 2. Nc3 Nf6 3. Bc4 Nc6 4. d3 Na5 5. Bb3 Bc5 6. f4 Nxb3 7. axb3 d6 8. Nf3 a6 9. fxe5 dxe5 10. Qe2 Qd6 11. Be3 0-0 12. Bxc5 Qxc5 13. Qf2 Qxf2+ 14. Kxf2 Ng4+ 15. Ke2 f6 16. b4 Bd7 17. h3 Nh6 18. g4 Nf7 19. Nd5 Rae8 20. Rag1 c6 21. Ne3 Nd6 22. h4 Re7 23. Nf5 Nxf5 24. gxf5 Be8 25. Nd2 Bf7 26. Rg3 Rd8 27. Rhg1 1/2-1/2

[Event "CZE-chT1E 2324"]
[Site "Czech Republic"]
[Date "2024.01.07"]
[Round "5.1"]
[White "Dobrovolsky, Ladislav"]
[Black "Biolek, Richard Jr"]
[Result "0-1"]
[WhiteElo "2173"]
[BlackElo "2409"]
[PlyCount "70"]
[EventDate "2023.10.22"]
[EventType "team-tourn"]
[EventRounds "11"]
[EventCountry "CZE"]
[SourceTitle "EXT 2025"]
[Source "ChessBase"]
[SourceDate "2024.10.14"]
[SourceVersion "1"]
[SourceVersionDate "2024.10.14"]
[SourceQuality "1"]
[WhiteTeam "Orlova Slavia"]
[BlackTeam "Grygov Proclient"]
[WhiteTeamCountry "CZE"]
[BlackTeamCountry "CZE"]

1. c4 Nf6 2. Nc3 e6 3. e4 d5 4. cxd5 exd5 5. e5 d4 6. exf6 dxc3 7. Qe2+ Be6 8. dxc3 Qxf6 9. Qb5+ Nd7 10. Qxb7 Qe5+ 11. Ne2 Bd5 12. Qb5 Rb8 13. Qa4 Bc5 14. Bf4 Qf5 15. 0-0-0 0-0 16. Ng3 Qe6 17. Bd3 Nf6 18. Bxc7 Bxf2 19. Bxb8 Rxb8 20. Kb1 Bxg2 21. Rhf1 Bxf1 22. Rxf1 Qe3 23. Rd1 Qb6 24. Qc2 g6 25. Rf1 Be3 26. Bc4 Rb7 27. Bb3 Re7 28. Qe2 Kf8 29. Qf3 Bg5 30. Rd1 Qe3 31. Rd8+ Kg7 32. Qxe3 Bxe3 33. Kc2 h5 34. Kd3 Bf4 35. Ra8 Ng4 0-1

[Event "CZE-chT1E 2324"]
[Site "Czech Republic"]
[Date "2023.12.10"]
[Round "4.1"]
[White "Biolek, Richard Jr"]
[Black "Gnojek, Petr"]
[Result "1/2-1/2"]
[WhiteElo "2409"]
[BlackElo "2360"]
[PlyCount "71"]
[EventDate "2023.10.22"]
[EventType "team-tourn"]
[EventRounds "11"]
[EventCountry "CZE"]
[SourceTitle "EXT 2025"]
[Source "ChessBase"]
[SourceDate "2024.10.14"]
[SourceVersion "1"]
[SourceVersionDate "2024.10.14"]
[SourceQuality "1"]
[WhiteTeam "Grygov Proclient"]
[BlackTeam "Frydek Mistek II"]
[WhiteTeamCountry "CZE"]
[BlackTeamCountry "CZE"]

1. e4 c5 2. Nf3 d6 3. d4 cxd4 4. Nxd4 Nf6 5. Nc3 e6 6. g4 h6 7. h4 Nc6 8. Rg1 d5 9. exd5 Nxd5 10. Nxd5 exd5 11. Be3 Qxh4 12. Qf3 Nxd4 13. Bxd4 Qe7+ 14. Be2 Qe4 15. 0-0-0 Qxf3 16. Bxf3 Be6 17. Rge1 Kd7 18. c4 Rc8 19. b3 b5 20. Bxd5 Bxd5 21. Bc3 bxc4 22. Rxd5+ Kc6 23. bxc4 Bd6 24. f3 Rhg8 25. Kc2 g6 26. Red1 Bc5 27. Bd2 Rh8 28. Rh1 Rb8 29. Bc3 Rh7 30. Re1 Rc8 31. Ree5 Bd6 32. Re4 h5 33. gxh5 Rxh5 34. Rxh5 gxh5 35. Rh4 Kd7 36. Rxh5 1/2-1/2